Квантово-генераторные (лазерные и ядерные) гироскопы

Podrobná bibliografie
Hlavní autor: Гершт Е. П. Ефим Павлович
Jazyk:ruština
Vydáno: Ленинград, ЛВИКА, 1967
Témata:
Médium: MixedMaterials Kniha
KOHA link:https://koha.lib.tpu.ru/cgi-bin/koha/opac-detail.pl?biblionumber=156704

MARC

LEADER 00000nam0a2200000 4500
001 156704
005 20231031153343.0
035 |a (RuTPU)RU\TPU\book\169950 
090 |a 156704 
100 |a 20090330d1967 k y0rusy50 ca 
101 0 |a rus 
102 |a RU 
105 |a a z 001zy 
200 1 |a Квантово-генераторные (лазерные и ядерные) гироскопы  |f Е. П. Гершт 
210 |a Ленинград  |c ЛВИКА  |d 1967 
215 |a 65 с.  |c ил. 
320 |a Библиография в конце глав. 
610 1 |a квантово-генераторные гироскопы 
610 1 |a лазерные гироскопы 
610 1 |a ядерные гироскопы 
610 1 |a конструкции 
610 1 |a теория 
675 |a 629.13.05  |v 3 
700 1 |a Гершт  |b Е. П.  |g Ефим Павлович 
801 1 |a RU  |b 63413507  |c 20090330  |g PSBO 
801 2 |a RU  |b 63413507  |c 20220620  |g PSBO 
942 |c BK